000 00493nam a2200169Ia 4500
999 _c21463
_d21463
003 OSt
005 20200615142148.0
008 190216s9999||||xx |||||||||||||| ||und||
020 _a9788178902234
040 _coclc
082 _a300.3
_bARO/E
100 _aArora, Peeyush
_92918
245 0 _aEncyclopaedia Of Social Science History /
_cPeeyush Arora
260 _bI V Y Publishing,
_c2011.
_aDelhi:
300 _a221p
942 _cBK
_2ddc
_h300.3
_iARO/E
_k300.3
_mARO/E